[Event "29th CRO-chT Junior 2020"]
[Site "Cakovec"]
[Date "2020.07.16"]
[Round "6.2"]
[White "Radenic, Filip"]
[Black "Sundac, Ivano"]
[Result "1-0"]
[WhiteElo "2134"]
[BlackElo "1408"]
[Annotator "TA"]
[PlyCount "85"]
[EventDate "2020.07.14"]
[EventType "team-tourn"]
[EventCountry "CRO"]
[SourceTitle "playchess.com"]
[Source "ChessBase"]
[SourceQuality "1"]

{[%evp 32,85,36,26,27,25,36,16,36,36,29,14,17,9,26,0,0,0,0,0,0,0,28,32,30,20,15,-74,0,0,0,0,0,0,0,-14,-11,-7,0,0,0,-43,0,0,8,8,8,0,35,44,33,8,434,436,432,429]} 1. Nf3 Nf6 2. c4 e6 3. g3 c5 4. Nc3 Nc6 5. Bg2 d5 6. cxd5 exd5 7. d4 Be7 8. O-O O-O 9. Bg5 Be6 10. dxc5 Bxc5 11. Bxf6 Qxf6 12. Nxd5 Qxb2 13. Nc7 Rad8 14. Qc1 Qxc1 15. Raxc1 b6 16. Nxe6 fxe6 17. e3 h6 {D34: Tarrasch Defence: 6 g3 Nf6 7 Bg2 Be7.} 18. Rc4 Rf6 19. Re4 Kf7 {The position is equal.} 20. h4 {[#]} Kf8 $146 ({Predecessor:} 20... Ke7 21. Bh3 Rd3 22. Kg2 Kd6 23. g4 {½-½ (23) Beckhuis,G (2260)-Espig,L (2410) Muenster 1997}) 21. g4 Ke7 22. g5 hxg5 23. hxg5 Rf5 $1 24. Kh2 Bd6+ 25. Kh3 Rh8+ 26. Kg4 Ne5+ 27. Nxe5 Rxe5 28. Ra4 a5 29. e4 (29. Rd4 $11) 29... Bb4 (29... Rc5 $17 {aiming for ...Rh2.} 30. Rd1 Rh2) 30. a3 $11 Bd2 31. f4 Rc5 32. e5 Rd8 33. Rf3 b5 34. Re4 b4 35. axb4 axb4 36. Rb3 Rb8 37. Kh5 Bc3 38. Kg6 Rcc8 39. Re2 Rh8 40. Ra2 {[#] Threatens to win with Ra7+.} Bd4 41. Ra6 {Black must now prevent Rc6.} Rhc8 $2 {[%mdl 8192]} (41... Rh4 $11 {and Black is okay.}) 42. Bh3 $18 Rc3 43. Bxe6 {Accuracy: White = 81%, Black = 72%.} 1-0

[Event "29th CRO-chT Junior 2020"]
[Site "Cakovec"]
[Date "2020.07.16"]
[Round "6.3"]
[White "Tomljanovic, Ivano"]
[Black "Troselj, Ivan"]
[Result "1/2-1/2"]
[WhiteElo "1393"]
[BlackElo "1857"]
[Annotator "NA RC"]
[PlyCount "57"]
[EventDate "2020.07.14"]
[EventType "team-tourn"]
[EventCountry "CRO"]
[SourceTitle "playchess.com"]
[Source "ChessBase"]
[SourceQuality "1"]
[TimeControl "5400+30"]

{[%evp 8,57,10,14,31,18,39,32,31,6,8,-8,2,-2,32767,32767,32767,32767,-6,-15,32767,32767,32767,32767,32767,32767,6,-48,0,0,38,30,45,53,80,89,88,55,85,106,100,118,107,134,89,64,126,55,40,50,54,50]} 1. e4 {[%emt 0:00:30]} c6 {[%emt 0:02:30]} 2. d4 {[%emt 0:00:30]} d5 {[%emt 0:00:00]} 3. exd5 {[%emt 0:00:30]} cxd5 {[%emt 0:00:00]} 4. Nf3 {[%emt 0:00:30]} Nc6 {[%emt 0:00:00]} 5. Bf4 {[%emt 0:00:30]} Nf6 {[%emt 0:00:00]} 6. c3 {[%emt 0:00:30]} Bg4 {[%emt 0:00:30]} 7. Nbd2 {[%emt 0:00:30]} e6 {[%emt 0:00:30] B13: Caro-Kann: Exchange Variation and Panov-Botvinnik Attack.} 8. Bb5 {[%emt 0:01:30]} Bd6 {[%emt 0:01:30]} 9. Bg3 {[%emt 0:00:30]} O-O {[%emt 0:00:30]} 10. O-O {[%emt 0:01:30] [#]} Bh5 $146 {[%emt 0:02:30]} ({Predecessor:} 10... Bxg3 11. fxg3 Qb6 12. Bxc6 bxc6 13. Qc2 c5 14. Kh1 cxd4 15. Nxd4 Rfc8 16. Qb3 Rab8 {0-1 (36) Bober,T (1159)-Kaluza,M (1379) Iwonicz 2015}) 11. Qc2 {[%emt 0:00:30]} Bg6 {[%emt 0:00:30]} 12. Bd3 {[%emt 0:00:30]} Bxd3 {[%emt 0:00:30]} 13. Qxd3 {[%emt 0:00:30]} Bxg3 {[%emt 0:00:30]} 14. hxg3 {[%emt 0:01:30]} Rb8 {[%emt 0:00:30]} 15. Rab1 {[%emt 0:03:30]} b5 {[%emt 0:01:30]} 16. b4 {[%emt 0:01:30]} Qc7 {[%emt 0:03:30]} ({Better is} 16... a5 $15) 17. Rfe1 {[%emt 0:00:30]} Rfc8 {[%emt 0:01:30]} 18. Nb3 {[%emt 0:00:30]} Ne4 {[%emt 0:03:30]} 19. Nc5 {[%emt 0:01:30]} Nxc5 {[%emt 0:01:30]} 20. dxc5 {[%emt 0:01:30]} Re8 {[%emt 0:02:30]} 21. Nd4 {[%emt 0:00:30]} a6 {[%emt 0:00:30]} 22. Re2 {[%emt 0:01:30]} Ne5 {[%emt 0:00:30] [#]} 23. Rxe5 $1 {[%emt 0:02:30]} Qxe5 {[%emt 0:00:30]} 24. Nc6 $1 {[%emt 0:00:30] Double Attack} Qc7 {[%emt 0:01:30]} 25. Nxb8 {[%emt 0:00:30]} Rxb8 {[%emt 0:00:30]} 26. Re1 {[%emt 0:01:30]} Rd8 {[%emt 0:01:30]} (26... a5 $14) 27. Qd4 {[%emt 0:00:30]} (27. a4 $16) 27... h6 {[%emt 0:00:30]} 28. f4 {[%emt 0:01:30]} Qd7 {[%emt 0:06:30]} 29. a3 $14 {[%emt 0:01:30]} 1/2-1/2

[Event "29th CRO-chT Junior 2020"]
[Site "Cakovec"]
[Date "2020.07.16"]
[Round "6.4"]
[White "Zekic, Patrik"]
[Black "Kresic, Vid"]
[Result "1-0"]
[WhiteElo "1699"]
[BlackElo "1216"]
[Annotator "NA RC"]
[PlyCount "41"]
[EventDate "2020.07.14"]
[EventType "team-tourn"]
[EventCountry "CRO"]
[SourceTitle "playchess.com"]
[Source "ChessBase"]
[SourceQuality "1"]
[TimeControl "5400+30"]

1. d4 {[%emt 0:02:30]} d5 {[%emt 0:00:30]} 2. c4 {[%emt 0:00:30]} e6 {[%emt 0:00:30]} 3. Nc3 {[%emt 0:00:00]} Bb4 {[%emt 0:00:30]} 4. e3 {[%emt 0:02:00]} Nf6 {[%emt 0:00:30]} 5. Bd3 {[%emt 0:01:30]} c5 {[%emt 0:00:30]} 6. Nge2 {[%emt 0:03:30]} O-O {[%emt 0:00:30]} 7. O-O {[%emt 0:00:00]} Nc6 {[%emt 0:00:30]} 8. a3 {[%emt 0:02:00]} Bxc3 {[%emt 0:01:30]} 9. bxc3 {[%emt 0:00:30]} a6 {[%emt 0:00:30]} 10. a4 {[%emt 0:02:30]} Bd7 {[%emt 0:02:30]} 11. Ba3 {[%emt 0:01:30]} Na5 {[%emt 0:02:30]} 12. cxd5 {[%emt 0:10:30]} exd5 {[%emt 0:01:30]} 13. Bxc5 {[%emt 0:00:30]} Re8 {[%emt 0:00:30]} 14. Rb1 {[%emt 0:00:30]} Qc7 {[%emt 0:03:30]} 15. Bb6 {[%emt 0:01:30]} Qd6 {[%emt 0:02:30]} 16. Bxa5 {[%emt 0:00:30]} Bc6 {[%emt 0:01:30]} 17. Ng3 {[%emt 0:04:30]} h6 {[%emt 0:01:30]} 18. c4 {[%emt 0:01:30]} Rac8 {[%emt 0:02:30]} 19. Qb3 {[%emt 0:05:30]} Qd7 {[%emt 0:00:30]} 20. Bf5 {[%emt 0:01:30]} Re6 {[%emt 0:02:30]} 21. Bxe6 {[%emt 0:01:30]} 1-0

[Event "29th CRO-chT Junior 2020"]
[Site "Cakovec"]
[Date "2020.07.16"]
[Round "6.5"]
[White "Sos, Fran"]
[Black "Levacic, Matej"]
[Result "0-1"]
[WhiteElo "2024"]
[BlackElo "2040"]
[Annotator "TA"]
[PlyCount "120"]
[EventDate "2020.07.14"]
[EventType "team-tourn"]
[EventCountry "CRO"]
[SourceTitle "playchess.com"]
[Source "ChessBase"]
[SourceQuality "1"]

{[%evp 21,120,0,0,0,0,-50,-50,-53,-32,-34,-29,-52,-42,-52,-52,-52,-52,-52,-48,-76,-60,-68,-70,-97,-93,-105,-110,-114,-90,-84,-51,-51,-54,-79,-79,-72,-60,-73,-60,-79,-63,-79,-79,-79,-79,-105,-99,-186,-184,-184,-184,-181,-175,-173,-170,-192,-192,-191,-191,-211,-211,-211,-208,-186,-121,-242,-244,-302,-295,-295,-289,-268,-228,-332,-347,-445,-433,-445,-433,-375,-353,-405,-296,-530,-512,-479,-451,-678,-650,-5620,-5754,-1936,-1530,-5628,-1740,-29982,-29983,-29984,-29985,-29989,-29990]} 1. d4 Nf6 2. c4 e6 3. Nc3 Bb4 4. f3 d5 5. a3 Bxc3+ 6. bxc3 c5 7. cxd5 Nxd5 8. dxc5 Qa5 9. e4 Nf6 10. Be3 O-O 11. Qb3 Nfd7 12. Nh3 {E25: Nimzo-Indian: Sämisch: 5...c5 6 f3 d5 7 cxd5.} Qc7 13. Be2 Nxc5 14. Qc2 {[#] Black is slightly better.} e5 $146 ({Predecessor:} 14... b6 15. O-O Ba6 16. c4 Nbd7 17. f4 Bb7 18. e5 Be4 19. Qc3 h6 20. Nf2 Bh7 {0-1 (65) Liptay,L (2335)-Pinter,J (2547) Hungary 2011}) 15. Nf2 Be6 16. O-O b6 17. c4 Nc6 18. Nd3 Nxd3 19. Bxd3 Rfd8 20. Qc3 Rac8 21. Rac1 Na5 22. Rfd1 h6 23. Be2 Rxd1+ 24. Rxd1 Nxc4 25. Bxc4 Qxc4 (25... b5 {is more complex.} 26. Rb1 Bxc4 27. Rd1 f6 28. Rd2 Kh7) 26. Qxc4 Rxc4 $17 {[%mdl 4096] Endgame KRB-KRB} 27. Rc1 Ra4 28. Rc3 Kf8 29. Kf2 Ke7 30. Ke2 Kd6 31. Kd3 h5 32. g3 g6 33. f4 f6 34. h4 (34. fxe5+ $17 fxe5 35. Bh6) 34... Bd7 35. fxe5+ fxe5 ({Don't take} 35... Kxe5 36. Bf4+ Ke6 37. Ke3 $17) 36. Bh6 {[#]} Bc6 $1 37. Bf8+ Kd7 38. Bg7 Bxe4+ 39. Ke3 Bf5 40. Kf3 Kd6 41. Re3 e4+ 42. Kf4 b5 (42... Ke6 $19 43. Rb3 Kd5) 43. Rc3 (43. g4 $17 Bxg4 44. Rxe4) 43... a5 $19 44. Ke3 Kd5 45. Bf8 {Now Rc5+ and White clings on.} Rc4 46. Rb3 Kc6 47. Bg7 (47. Kd2 {was necessary.}) 47... b4 48. Bf6 Kb5 49. axb4 axb4 50. Be5 Ka4 51. Rb2 Ka3 52. Bf6 $2 {[#]} (52. Re2) 52... Rc6 53. Be5 Rc5 54. Bf6 (54. Bd4 $142 Rc1 55. Rd2) 54... Rd5 55. Ke2 Rd3 56. Kf2 b3 57. Be5 e3+ (57... Bg4 $142 58. Ke1 e3) 58. Kf3 Bg4+ {Black mates.} 59. Kf4 e2 60. Rb1 Rd1 {Accuracy: White = 50%, Black = 88%.} 0-1

[Event "29th CRO-chT Junior 2020"]
[Site "Cakovec"]
[Date "2020.07.16"]
[Round "6.6"]
[White "Ljubicic, Mario"]
[Black "Kanizaj, Benjamin"]
[Result "1/2-1/2"]
[WhiteElo "1966"]
[BlackElo "1968"]
[Annotator "TA"]
[PlyCount "150"]
[EventDate "2020.07.14"]
[EventType "team-tourn"]
[EventCountry "CRO"]
[SourceTitle "playchess.com"]
[Source "ChessBase"]
[SourceQuality "1"]

{[%evp 21,150,0,41,22,61,36,55,56,75,53,89,97,100,88,106,81,119,77,64,55,60,47,75,38,116,116,116,114,124,122,131,118,119,93,92,71,81,47,63,34,62,54,66,67,58,70,85,60,127,141,275,69,138,36,56,62,229,36,28,0,208,0,103,34,43,36,165,-95,10,17,13,2,19,12,127,141,136,118,118,8,12,-39,0,0,0,0,-7,0,0,0,68,53,155,131,270,241,432,243,437,419,377,345,256,83,83,87,227,97,86,67,235,189,189,189,204,157,157,42,50,8,8,8,8,6,6,6,6,6,6,0,0]} 1. e4 c5 2. Nf3 d6 3. d4 cxd4 4. Nxd4 Nf6 5. Nc3 e6 6. Be2 Nc6 7. Be3 Be7 8. O-O Bd7 9. f4 O-O 10. Nb3 a6 11. a4 Nb4 12. Bf3 {B85: Sicilian Scheveningen: 6 Be2 a6, lines with early Be3.} Bc6 13. Qe2 d5 {[%cal Rd5e4]} 14. e5 {[#] White is slightly better.} Nd7 $146 ({Predecessor:} 14... Ne4 15. Bd4 Qc7 16. Nd1 a5 17. c3 Na6 18. Bxe4 dxe4 19. Ne3 Bd7 20. f5 exf5 21. Nxf5 Bxf5 22. Rxf5 {½-½ (40) Favaro,E-Zoler,D (2325) Guarapuava 1991}) 15. Nd4 b6 16. Na2 {Strongly threatening Nxb4.} Bb7 17. Nxb4 Bxb4 18. c3 Be7 19. b4 {[%cal Bb2b4,Bb4b5][%mdl 32]} a5 20. Qb2 Qc7 21. Be2 Ba6 22. Nc6 Rfe8 (22... Qxc6 $14 23. Bxa6 Bc5 24. Bxc5 bxc5) 23. Nxe7+ $16 Rxe7 24. b5 Bb7 25. Bd4 Rc8 26. Qd2 Nc5 27. Ra3 Qd8 28. Bg4 Re8 29. g3 Qe7 30. Rfa1 Qc7 31. Qe3 Qd7 32. Rf1 Qe7 33. Ra2 g6 34. h4 h5 (34... Ne4 $14) 35. Bd1 Qc7 (35... Ne4 $16) 36. Rf3 $2 (36. g4 $18) 36... Ne4 (36... Kf8 $14) 37. Be2 (37. Rg2 $1 $16) 37... Nc5 38. Rf1 Ba8 $2 (38... Nb3 $14) 39. Ra3 $2 ({White has to play} 39. g4 $1 $18) 39... Qe7 $14 40. Ra2 $2 (40. Kh2 $11) 40... Qc7 $1 $18 41. Ra3 $2 (41. g4 $1 $18) 41... Rb8 (41... Qe7 $11 {remains equal.}) 42. Rc1 (42. g4 $16) 42... Rec8 43. g4 Qe7 (43... hxg4 $14 44. Bxg4 Kg7) 44. Bxc5 $2 (44. gxh5 $18 Rc7 45. hxg6) 44... Qxc5 (44... Rxc5 $17 45. Qg3 hxg4 46. Bxg4 Rc4) 45. Qxc5 $11 Rxc5 46. gxh5 gxh5 47. Kf2 d4 (47... Kf8 $11) 48. Rg1+ $16 ({Much weaker is} 48. Bxh5 $6 Rc4 $11) 48... Kf8 49. cxd4 Rc2 50. Rgg3 ({Don't take} 50. Ke3 Rbc8 $14) (50. Rg5 $1 $16) 50... Rbc8 $1 $11 51. Ke1 (51. Rg5 $11) 51... Be4 52. Bxh5 Rc1+ 53. Kf2 R8c2+ 54. Be2 Rh1 {Threatens to win with ...Rh2+.} 55. Rh3 Rb1 (55... Rhc1 $11) 56. Rhc3 $1 $14 Rbb2 (56... Rcb2 $14) 57. Rxc2 $16 Rxc2 {[%mdl 4096] Endgame KRB-KRB} (57... Bxc2 $16 58. Ke3 Rb4) 58. Ke3 Bf5 $2 {[#]} (58... Bd5 {might work better.} 59. h5 Kg7) 59. Bd3 (59. d5 $142 $1) 59... Bxd3 $2 (59... Rg2 {keeps fighting.} 60. Kf3 Rh2) 60. Rxd3 $18 {KR-KR} Rc4 61. Ke4 Rxa4 62. Rg3 $2 (62. h5 $18) 62... Ra1 $16 63. h5 Rh1 (63... a4 $16 {was necessary.}) 64. h6 (64. d5 $18 {has better winning chances.}) 64... Rxh6 65. Rc3 Rh2 $2 (65... Rh1 $14) 66. Rc6 Rb2 67. Rxb6 a4 68. Ra6 Rxb5 {[#]} 69. Rxa4 (69. f5 $1 $16) 69... Rb1 $14 70. d5 {And now d6 would win.} Re1+ {The position is equal.} 71. Kf3 {d6 is the strong threat.} exd5 72. Rd4 Ke7 73. Rxd5 f6 74. exf6+ Kxf6 75. Re5 Rxe5 {Blacks defense is rewarded with a draw. Accuracy: White = 50%, Black = 48%.} 1/2-1/2

[Event "29th CRO-chT Junior 2020"]
[Site "Cakovec"]
[Date "2020.07.16"]
[Round "6.7"]
[White "Borzan, Andrej"]
[Black "Bedic, Noemi"]
[Result "1-0"]
[WhiteElo "1983"]
[BlackElo "1712"]
[Annotator "TA"]
[PlyCount "71"]
[EventDate "2020.07.14"]
[EventType "team-tourn"]
[EventCountry "CRO"]
[SourceTitle "playchess.com"]
[Source "ChessBase"]
[SourceQuality "1"]

{[%evp 12,71,36,-5,7,8,100,68,79,7,19,18,42,0,5,3,8,-1,47,38,41,41,52,18,46,35,40,59,57,35,117,63,53,39,53,45,47,46,44,47,314,238,204,212,230,231,231,207,440,416,940,947,1166,1164,5122,5122,29992,29993,29993,29994,29994,908]} 1. d4 Nf6 2. c4 g6 3. Nc3 Bg7 4. e4 d6 5. Nf3 O-O 6. Bg5 h6 7. Bh4 a5 {E90: King's Indian: Classical: Early deviations and 6 h3.} 8. Be2 Qe8 (8... g5 $11 9. Bg3 Nh5) 9. O-O e5 {White is slightly better.} 10. d5 (10. dxe5 $16 dxe5 11. Nd5) 10... g5 11. Bg3 Nh5 {[#]} 12. Nb5 $146 ({Predecessor:} 12. Nd2 Nf4 13. Bg4 Bd7 14. Bxd7 Qxd7 15. Qc2 h5 16. f3 Kh8 17. Kh1 Rg8 18. Rg1 {1-0 (58) Haydon,R (2220)-Buckley,S (2110) Hanham 1997}) 12... Na6 13. Nd2 Nf4 14. Bg4 f5 15. exf5 Bxf5 16. Bxf5 Rxf5 17. Qc2 Qd7 18. Ne4 h5 19. f3 Nb4 20. Qd2 (20. Qb3 {is interesting.} Raf8 21. a3 Na6 22. Nbc3 b6 23. Bf2) 20... Nbd3 (20... Raf8 $14) 21. Bf2 (21. Bxf4 $16 Nxf4 22. g3 Nh3+ 23. Kg2) 21... Nxf2 $14 22. Rxf2 Bh6 23. Qc2 Raf8 24. Kh1 Kh8 25. Rd1 Qf7 $2 {[%mdl 8192] This move loses the game for Black.} (25... b6 $14) 26. Nexd6 cxd6 27. Nxd6 {[%mdl 64] [#] Double Attack} Qd7 28. Nxf5 Rxf5 29. c5 {Threatens to win with c6.} Nxd5 $2 (29... Rf6 30. Qe4 Bg7) 30. Qd2 {[%mdl 64] Double Attack} e4 (30... Qc6 $142 31. Qxd5 Qxd5 32. Rxd5 g4) 31. fxe4 $18 {[%mdl 64] [#] Discovered Attack} Rxf2 32. Qxf2 Qg4 33. Rxd5 {Threatening mate with Rd8+.} Qxe4 34. Rd8+ {White mates.} Kh7 35. Qf7+ {[%mdl 64] Double Attack} Bg7 36. Qxh5+ {[%mdl 64] Double Attack. Accuracy: White = 74%, Black = 37%.} 1-0

[Event "29th CRO-chT Junior 2020"]
[Site "Cakovec"]
[Date "2020.07.16"]
[Round "6.8"]
[White "Jaksic, Josip"]
[Black "Colev, Ivor"]
[Result "0-1"]
[WhiteElo "1616"]
[BlackElo "1893"]
[Annotator "NA RC"]
[PlyCount "72"]
[EventDate "2020.07.14"]
[EventType "team-tourn"]
[EventCountry "CRO"]
[SourceTitle "playchess.com"]
[Source "ChessBase"]
[SourceQuality "1"]
[TimeControl "5400+30"]

1. e4 {[%emt 0:00:30]} c5 {[%emt 0:00:30]} 2. Nf3 {[%emt 0:00:00]} d6 {[%emt 0:00:00]} 3. d4 {[%emt 0:00:00]} cxd4 {[%emt 0:00:00]} 4. Nxd4 {[%emt 0:00:30]} Nf6 {[%emt 0:00:00]} 5. Nc3 {[%emt 0:00:00]} e6 {[%emt 0:00:00]} 6. Be2 {[%emt 0:00:00]} Nc6 {[%emt 0:00:30]} 7. Be3 {[%emt 0:00:30]} Be7 {[%emt 0:00:00]} 8. O-O {[%emt 0:00:30]} O-O {[%emt 0:00:00]} 9. f4 {[%emt 0:01:30]} Bd7 {[%emt 0:00:00]} 10. Nb3 {[%emt 0:00:30]} a6 {[%emt 0:02:00]} 11. a4 {[%emt 0:00:00]} b6 {[%emt 0:00:30]} 12. Bf3 {[%emt 0:00:00]} Rb8 {[%emt 0:02:30]} 13. Qe2 {[%emt 0:01:30]} Qc8 {[%emt 0:05:30] B85: Sicilian Scheveningen: 6 Be2 a6, lines with early Be3.} 14. Kh1 {[%emt 0:05:30]} Rd8 {[%emt 0:08:30] [#]} 15. g4 $146 {[%emt 0:08:30]} ({Predecessor:} 15. Qf2 Qc7 16. g4 Be8 17. g5 Nd7 18. Bg2 b5 19. axb5 axb5 20. Qe2 b4 21. Nd5 exd5 22. exd5 {1-0 (37) Postypalskiy,M (2350)-Shishkova,O (2136) Odoev 2018}) 15... Be8 {[%emt 0:07:30]} 16. f5 {[%emt 0:16:30]} Ne5 {[%emt 0:14:30]} (16... exf5 $11 {keeps the balance.} 17. exf5 h6) 17. g5 {[%emt 0:15:30]} Nfd7 {[%emt 0:00:30]} 18. Nd4 {[%emt 0:00:30]} Nc5 {[%emt 0:13:30]} 19. Bg4 {[%emt 0:02:30]} (19. Bg2 $16) 19... Bd7 {[%emt 0:08:30]} 20. f6 {[%emt 0:16:30]} Bf8 $1 {[%emt 0:01:30]} 21. Bh5 {[%emt 0:03:30]} (21. Bh3 $11) 21... Bc6 {[%emt 0:16:03]} (21... g6 $17 22. Bf3 b5 23. axb5 Nxf3 24. Nxf3 (24. Rxf3 $2 axb5 25. b4 e5 $19) 24... axb5 25. Bxc5 dxc5) 22. Bf4 {[%emt 0:06:32]} Ng6 {[%emt 0:02:55]} 23. Bg3 {[%emt 0:02:18]} Bb7 {[%emt 0:04:52]} 24. Rae1 {[%emt 0:01:37]} ({White should try} 24. Qf3 $16) 24... Qd7 {[%emt 0:02:24]} (24... b5 $11) 25. Qf2 {[%emt 0:01:36]} (25. b4 $14 Nxa4 26. Nxa4 Qxa4 27. Nxe6) 25... Rbc8 {[%emt 0:04:05]} 26. b4 {[%emt 0:04:45]} Nd3 {[%emt 0:00:37]} 27. cxd3 {[%emt 0:00:37]} Rxc3 {[%emt 0:00:09]} 28. Re3 {[%emt 0:03:09]} Rdc8 {[%emt 0:02:29]} 29. Kg1 $17 {[%emt 0:02:56]} (29. Ne2 $11 Rc2 30. Rf3) 29... Rc1 {[%emt 0:01:00]} 30. Bd1 {[%emt 0:00:58]} R1c7 {[%emt 0:01:43]} 31. h4 {[%emt 0:01:47]} Ne5 {[%emt 0:02:22]} 32. h5 {[%emt 0:02:32]} Rc1 {[%emt 0:00:44]} 33. Ne2 {[%emt 0:00:44]} Ng4 {[%emt 0:00:20]} 34. Qf3 {[%emt 0:00:33]} Nxe3 {[%emt 0:00:06]} 35. Qxe3 {[%emt 0:00:17]} R1c7 {[%emt 0:00:03]} 36. fxg7 {[%emt 0:00:34]} Bxg7 {[%emt 0:00:09]} 0-1

[Event "29th CRO-chT Junior 2020"]
[Site "Cakovec"]
[Date "2020.07.16"]
[Round "6.9"]
[White "Alfirevic, Duje"]
[Black "Jambresic, Filip"]
[Result "1/2-1/2"]
[WhiteElo "2011"]
[BlackElo "2077"]
[Annotator "TA"]
[PlyCount "64"]
[EventDate "2020.07.14"]
[EventType "team-tourn"]
[EventCountry "CRO"]
[SourceTitle "playchess.com"]
[Source "ChessBase"]
[SourceQuality "1"]

{[%evp 14,64,37,16,11,33,73,73,76,8,8,8,8,-27,-28,-89,-93,-86,-89,-98,-79,-112,-110,-123,-56,-47,-45,-95,-69,-91,-64,-78,-56,-70,-65,-87,-55,-97,-51,-66,-35,-28,-27,-27,-4,0,173,175,162,163,163,154,210]} 1. e4 c5 2. Nf3 e6 3. d4 cxd4 4. Nxd4 a6 5. Bd3 Nc6 6. Nxc6 bxc6 7. Nc3 Qc7 8. O-O d5 {B46: Sicilian: Taimanov: 5 Nc3 a6.} 9. Re1 d4 10. Ne2 c5 {[#] White is better.} 11. Bc4 $146 (11. c3 $16) ({Predecessor:} 11. c3 c4 12. Qa4+ Bd7 13. Qxc4 Qxc4 14. Bxc4 dxc3 15. Nxc3 Bb4 16. Bf4 Ne7 17. Red1 {1-0 (41) Buttiker,S (1981)-Lutz,J (1740) Zuerich 2017}) 11... Nf6 12. Ng3 Bd6 13. Qf3 {e5! is the strong threat.} Bb7 14. Nh5 (14. h3 $11 {keeps the balance.}) 14... Bxh2+ $17 15. Kh1 Nxh5 16. Qxh5 Bd6 17. e5 Be7 18. Qg4 g6 (18... O-O-O $17 19. Qh5 Kb8) 19. Bh6 $15 Bf8 20. Bg5 Bg7 21. Qh4 O-O ({Not} 21... Bxe5 22. Rxe5 $1 {[%mdl 512]} Qxe5 23. Bf6 $16) 22. Bf6 Bd5 23. Bxd5 exd5 24. g4 h6 25. Kg2 Bxf6 26. Qxf6 {Threatens to win with Rh1.} Qd8 27. Rh1 Qxf6 28. exf6 Kh7 29. f4 {[#] White threatens Rxh6+! and mate.} Rh8 $2 {[#]} (29... h5 $1 $11 {[%mdl 512]}) 30. Rxh6+ $1 $18 {[%mdl 512] White is clearly better.} Kg8 (30... Kxh6 31. Rh1#) 31. Rxh8+ Kxh8 32. Re1 Rd8 {Accuracy: White = 67%, Black = 53%.} (32... g5 $16 33. Re7 (33. fxg5 Kh7 $16) 33... Rf8 34. fxg5 Kh7) 1/2-1/2

[Event "29th CRO-chT Junior 2020"]
[Site "Cakovec"]
[Date "2020.07.16"]
[Round "6.10"]
[White "Karlusic, Luka"]
[Black "Dumancic, Simun"]
[Result "1/2-1/2"]
[WhiteElo "2169"]
[BlackElo "1896"]
[Annotator "TA"]
[PlyCount "69"]
[EventDate "2020.07.14"]
[EventType "team-tourn"]
[EventCountry "CRO"]
[SourceTitle "playchess.com"]
[Source "ChessBase"]
[SourceQuality "1"]

{[%evp 32,69,0,25,32,0,6,-2,28,-20,0,7,72,93,77,83,134,38,28,31,23,-33,-49,-50,-48,-41,-41,-57,-40,-40,22,0,0,0,0,-79,-91,-81,-92,-91]} 1. d4 Nf6 2. c4 g6 3. Nc3 d5 4. cxd5 Nxd5 5. e4 Nxc3 6. bxc3 Bg7 7. Bc4 c5 8. Ne2 O-O 9. O-O Nc6 10. Be3 Bg4 11. f3 Na5 12. Bd3 cxd4 13. cxd4 Be6 14. Rc1 Bxa2 15. Qa4 Be6 16. d5 Bd7 17. Qb4 b6 {D89: Exchange Grünfeld: Classical Line: 10 Be3 cxd4 11 cxd4 Bg4 12 f3 Na5 13 Bd3.} 18. Rfd1 {[%mdl 1024] White has compensation.} Rc8 {[#]} 19. Nc3 $146 ({Predecessor:} 19. Nd4 Rxc1 20. Rxc1 e6 21. d6 Nb7 22. Rc7 Nc5 23. Be2 Bc8 24. Rxc5 bxc5 25. Qxc5 Bd7 26. Qxa7 f5 27. Bc4 Qc8 28. Qxd7 {½-½ (28) Sriram,J (2345)-Pelletier,Y (2440) Medellin 1996}) 19... h6 {The position is equal.} 20. Bf4 g5 21. Bg3 Bxc3 (21... Nb7 $11) 22. Rxc3 $16 Rxc3 23. Qxc3 Qc8 (23... f6 $142) 24. Qe5 ({White should play} 24. Qa3 $16) 24... Qc5+ $14 25. Bf2 Qa3 26. Bd4 (26. h4 $11 f6 27. Qc7) 26... f6 $15 27. Qc7 {[%mdl 64] [#] Double Attack} Ba4 $1 {[%cal Ra4d1]} 28. Bc2 Bxc2 29. Qxc2 Qb3 30. Qe2 Rc8 (30... Qc4 $15 31. Qb2 Rc8) 31. e5 fxe5 32. Bxe5 {[#] Threatens to win with Ba1.} Qc2 33. Qxc2 (33. Qe1 $11 {remains equal.}) 33... Rxc2 $17 34. Bb8 a6 35. Re1 {Accuracy: White = 56%, Black = 64%.} 1/2-1/2